Globalizace, konkurenceschopnost a komparativní výhody

Konkurencieschopnosť podniku. Ako môžu podniky, ktoré sú vzhľadom k svojim vysokým nákladom, nízkej kvalite výrobkov zjavne medzinárodne nekonkurencieschopné, v globalizovanej súťaži prežiť. Nie konkurenčné, ale komparatívne výhody. Výhody vzájomného obchodu.

Guardado en:
Detalles Bibliográficos
Autor principal: Urban, Jan
Formato: Capítulo de libro
Lenguaje:checo
Materias:
Etiquetas: Agregar Etiqueta
Sin Etiquetas, Sea el primero en etiquetar este registro!

MARC

LEADER 00000naa a2200000 4500
001 0176954
005 20231211093604.4
041 0 |a cze 
044 |a CZ 
245 1 0 |a Globalizace, konkurenceschopnost a komparativní výhody  |c Jan Urban 
520 |a Konkurencieschopnosť podniku. Ako môžu podniky, ktoré sú vzhľadom k svojim vysokým nákladom, nízkej kvalite výrobkov zjavne medzinárodne nekonkurencieschopné, v globalizovanej súťaži prežiť. Nie konkurenčné, ale komparatívne výhody. Výhody vzájomného obchodu. 
610 2 0 |a konkurencia 
610 2 0 |a konkurencieschopnosť 
610 2 0 |a výhody komparatívne 
610 2 0 |a obchod zahraničný 
610 2 0 |a spolupráca medzinárodná 
610 2 0 |a globalizácia 
100 1 |a Urban, Jan